Parenting isn't for cowards. (Record no. 14723)

000 -LEADER
fixed length control field 00624nam a2200205 a 4500
001 - CONTROL NUMBER
control field :::00012557$&:&@@
003 - CONTROL NUMBER IDENTIFIER
control field OkBaRHE
005 - DATE AND TIME OF LATEST TRANSACTION
control field 20100402122053.0
008 - FIXED-LENGTH DATA ELEMENTS--GENERAL INFORMATION
fixed length control field s1987 j 000 0 eng u
040 ## - CATALOGING SOURCE
Transcribing agency
100 1# - MAIN ENTRY--PERSONAL NAME
Personal name Dobson, James C.
245 10 - TITLE STATEMENT
Title Parenting isn't for cowards.
260 ## - PUBLICATION, DISTRIBUTION, ETC. (IMPRINT)
Place of publication, distribution, etc Dallas, TX., :
Name of publisher, distributor, etc Word Publishing
Date of publication, distribution, etc 1987
300 ## - PHYSICAL DESCRIPTION
Extent 239 p. ;
Dimensions 23 cm.
650 ## - SUBJECT ADDED ENTRY--TOPICAL TERM
Topical term or geographic name as entry element Child rearing
General subdivision United States
650 ## - SUBJECT ADDED ENTRY--TOPICAL TERM
Topical term or geographic name as entry element Parenthood
650 ## - SUBJECT ADDED ENTRY--TOPICAL TERM
Topical term or geographic name as entry element Parenting
General subdivision United States
942 ## - ADDED ENTRY ELEMENTS (KOHA)
Source of classification or shelving scheme
Koha item type Books
Copies
Full call number Damaged status Date last seen Permanent Location Price effective from Date acquired Copy number Source of classification or shelving scheme Withdrawn status Koha item type Barcode Lost status Not for loan Shelving location
HQ 769 .D584 1987 2010-04-14RHEMA Bible Training College2010-04-142010-04-141  Books12557  General Stacks